000 00452nam a2200157 a 4500
001 000046202
005 20201002052714.0
008 150706s2004 dr 000 0 spa d
040 _aDO-SdBNP
_bspa
_cBNPHU
082 _axx
_bxx
245 0 3 _aEl proyecto que necesitamos.
260 _a[s.l.] :
_bBloque Socialista,
_c198?].
300 _a23 p. ;
_c22 cm.
590 _aInventariado, 2018/VM
710 2 _aBloque Socialista (República Dominicana)
_974243
999 _c45691
_d45691